La perdida afectiva : (Registro nro. 6118)

Detalles MARC
000 -CABECERA
campo de control de longitud fija 00916nam a2200289 a 4500
001 - NÚMERO DE CONTROL
campo de control Rebiun09980137
003 - IDENTIFICADOR DEL NÚMERO DE CONTROL
campo de control AR-RoIUNI
005 - FECHA Y HORA DE LA ÚLTIMA TRANSACCIÓN
campo de control 20250702113149.0
008 - DATOS DE LONGITUD FIJA--INFORMACIÓN GENERAL
campo de control de longitud fija 971223s1993 sp 000 0 spa d
020 ## - NÚMERO INTERNACIONAL ESTÁNDAR DEL LIBRO
Número Internacional Estándar del Libro 8475099092
040 ## - FUENTE DE LA CATALOGACIÓN
Centro catalogador/agencia de origen ES-OvBU.
Lengua de catalogación
Centro/agencia transcriptor AR-RoIUNI
080 ## - NÚMERO DE LA CLASIFICACIÓN DECIMAL UNIVERSAL
Número de la Clasificación Decimal Universal 159.9 Bowlby, John
080 ## - NÚMERO DE LA CLASIFICACIÓN DECIMAL UNIVERSAL
Número de la Clasificación Decimal Universal 616.895.4
080 ## - NÚMERO DE LA CLASIFICACIÓN DECIMAL UNIVERSAL
Número de la Clasificación Decimal Universal 159.942
100 1# - ENTRADA PRINCIPAL--NOMBRE DE PERSONA
Nombre de persona Bowlby, John
245 13 - MENCIÓN DE TÍTULO
Título La perdida afectiva :
Resto del título tristeza y depresion /
Mención de responsabilidad, etc. John Bowlby ; [traduccion de Alfredo Baez]
250 ## - MENCIÓN DE EDICIÓN
Mención de edición 1a ed., 1a reimp. en Espana
260 ## - PUBLICACIÓN, DISTRIBUCIÓN, ETC. (PIE DE IMPRENTA)
Lugar de publicación, distribución, etc. Buenos Aires [etc.] :
Nombre del editor, distribuidor, etc. Paidos,
Fecha de publicación, distribución, etc. 1993
300 ## - DESCRIPCIÓN FÍSICA
Extensión 464 p. ; 22 cm
490 0# - MENCIÓN DE SERIE
Mención de serie Biblioteca de psicologia profunda ;
Designación de volumen o secuencia 50
500 ## - NOTA GENERAL
Nota general Traduccion de: Attachment and loss. Vol. 3 : Sadness and depression
504 ## - NOTA DE BIBLIOGRAFÍA, ETC.
Bibliografía, etc.
650 #4 - PUNTO DE ACCESO ADICIONAL DE MATERIA--TÉRMINO DE MATERIA
Término de materia o nombre geográfico como elemento inicial Depresion mental
650 #4 - PUNTO DE ACCESO ADICIONAL DE MATERIA--TÉRMINO DE MATERIA
Término de materia o nombre geográfico como elemento inicial Emociones y sentimientos
700 1# - PUNTO DE ACCESO ADICIONAL--NOMBRE DE PERSONA
Nombre de persona Baez, Alfredo,
Término indicativo de función/relación trad
942 ## - ELEMENTOS DE PUNTO DE ACCESO ADICIONAL (KOHA)
Fuente del sistema de clasificación o colocación Clasificación Decimal Universal
Tipo de ítem Koha Libros
Existencias
Estado de retiro Estado de pérdida Fuente del sistema de clasificación o colocación Estado dañado Excepción de préstamo Código de colección Localización permanente Ubicación/localización actual Ubicación en estantería Fecha de adquisición Fuente de adquisición Número de inventario Total de préstamos Signatura topográfica completa Código de barras Fecha visto por última vez Fecha del último préstamo Precio válido a partir de Tipo de ítem Koha
    Clasificación Decimal Universal     Psicología BIBLIOTECA RIOBAMBA BIBLIOTECA RIOBAMBA BIBLIOTECA RIOBAMBA 02/07/2025 Donación 8837 2 159.9 BOW 8837 14/10/2025 01/10/2025 02/07/2025 Libros